Caricamento...

The complete idiots guide to Microsoft network

Dettagli Bibliografici
Autore principale: Pivovarnick, John
Natura: Printed Book
Pubblicazione: New Delhi Prentice Hall 1996
Soggetti:
LEADER 00499 a2200145 4500
020 |a 8120311019 
090 |c 2  |d 2 
100 0 0 |a Pivovarnick, John 
245 0 0 |a The complete idiots guide to Microsoft network  |c John Pivovarnick 
260 |a New Delhi  |c 1996  |b Prentice Hall 
650 0 0 |a computer Network 
650 0 0 |a Computer program 
942 |c REF 
999 |c 120511  |d 120511 
952 |0 2  |1 0  |2 ddc  |4 0  |6 004_670000000000000  |7 0  |9 132482  |a CHE  |b CHE  |c REF  |d 2018-08-15  |i 4062  |l 0  |o 004.67  |p CHE4062  |r 2009-03-26  |u 2  |w 2009-03-26  |y REF